Wissenschaftliche ergebnisse der deutschen grönland-expedition Alfred Wegener 1929 und 1930/1931 ... band VI anthropologie und zoologie / (Record no. 118523)

MARC details
000 -LEADER
campo de control de longitud fija 00515nam a2200145 4500
001 - NÚMERO DE CONTROL
campo de control 118523
003 - IDENTIFICADOR DE NÚMERO DE CONTROL
campo de control ES-MaACL
007 - CAMPO FIJO DE DESCRIPCIÓN FÍSICA--INFORMACIÓN GENERAL
campo de control de longitud fija t|
008 - DATOS DE LONGITUD FIJA--INFORMACIÓN GENERAL
campo de control de longitud fija 070214s1934 gw r ||||1| ger d
100 1# - ENTRADA PRINCIPAL--NOMBRE DE PERSONA
Nombre de persona Peters, Hermann B.
9 (RLIN) 91471
245 10 - MENCIÓN DEL TÍTULO
Título Wissenschaftliche ergebnisse der deutschen grönland-expedition Alfred Wegener 1929 und 1930/1931 ... band VI anthropologie und zoologie /
Mención de responsabilidad, etc. Hermann B. Peters.
260 ## - PUBLICACIÓN, DISTRIBUCIÓN, ETC.
Lugar de publicación, distribución, etc. Leipzig :
Nombre del editor, distribuidor, etc. F.A. Brockhaus,
Fecha de publicación, distribución, etc. 1934.
300 ## - DESCRIPCIÓN FÍSICA
Extensión VII, 196 p. :
Otras características físicas il. ;
Dimensiones 29 cm.
852 ## - LOCALIZACIÓN
Ubicación ES-MaACL
Número de control de estantería C-7472
Holdings
Estatus retirado Estado de pérdida Estado de daño No para préstamo Biblioteca de origen Biblioteca actual Ubicación en estantería Fecha de adquisición Fuente de adquisición Total de préstamos Signatura topográfica completa Código de barras Visto por última vez Precio de reemplazo Tipo de ítem Koha
        Biblioteca del Ateneo de Madrid Biblioteca del Ateneo de Madrid Sala Palomar 17/01/2008     C-7472 1123559 23/02/2023 23/02/2023 Libro impreso